Complete business letters

Bibliographic Details
Main Author: Mill, Bernas A.
Format: Book
Published: Singapore : S.S.Mubaruk & Bros. Pte. Ltd. , 1993
Subjects:

MARC

LEADER 00000cam a2200000 7i4500
001 0000008084
002 000008822
005 20000330.0
020 |a 9812070095 
090 0 0 |a 651.75   |b MIL 
100 1 |a Mill, Bernas A.   |f Prof 
245 1 0 |a Complete business letters   |c Prof. Bernas A. Mill 
260 |a Singapore :   |b S.S.Mubaruk & Bros. Pte. Ltd. ,   |c 1993 
300 |a 215p. ;   |c 21cm. 
650 0 0 |a Business letters 
999 |a 040706   |b BUKU   |c PINJAMAN   |e PERPUSTAKAAN KOMUNITI PETALING JAYA